<?xml version="1.0" encoding="UTF-8"?>
<record
    xmlns:xsi="http://www.w3.org/2001/XMLSchema-instance"
    xsi:schemaLocation="http://www.loc.gov/MARC21/slim http://www.loc.gov/standards/marcxml/schema/MARC21slim.xsd"
    xmlns="http://www.loc.gov/MARC21/slim">

  <leader>02498nam a2200349 a 4500</leader>
  <controlfield tag="001"> </controlfield>
  <controlfield tag="003">DO-SdBNP</controlfield>
  <controlfield tag="005">20221027135134.0</controlfield>
  <controlfield tag="008">090727s2010   dr    000 0 spa d</controlfield>
  <datafield tag="020" ind1=" " ind2=" ">
    <subfield code="a">9789945163438</subfield>
  </datafield>
  <datafield tag="040" ind1=" " ind2=" ">
    <subfield code="a">BPMSU </subfield>
    <subfield code="b">spa </subfield>
    <subfield code="c">BPMSU </subfield>
  </datafield>
  <datafield tag="082" ind1=" " ind2=" ">
    <subfield code="a">323.6097293</subfield>
    <subfield code="b">S678c 2010</subfield>
    <subfield code="2">22</subfield>
  </datafield>
  <datafield tag="092" ind1=" " ind2=" ">
    <subfield code="a"> </subfield>
    <subfield code="b"> </subfield>
  </datafield>
  <datafield tag="100" ind1="1" ind2=" ">
    <subfield code="a"> </subfield>
  </datafield>
  <datafield tag="245" ind1="1" ind2="0">
    <subfield code="a"> La sociedad civil dominicana : </subfield>
    <subfield code="b">contribuci&#xF3;n a su historia / </subfield>
    <subfield code="c">Coordinadores : Rosa Rita &#xC1;lvarez Khouri ... [ et al.]</subfield>
  </datafield>
  <datafield tag="260" ind1=" " ind2=" ">
    <subfield code="a">Santo Domingo :</subfield>
    <subfield code="b"> Alianza ONG,</subfield>
    <subfield code="c">2010</subfield>
  </datafield>
  <datafield tag="300" ind1=" " ind2=" ">
    <subfield code="a">572 p. ;</subfield>
    <subfield code="c">28 cm.</subfield>
  </datafield>
  <datafield tag="500" ind1=" " ind2=" ">
    <subfield code="a"> Incluye referencias bibliogr&#xE1;ficas y notas al pie de las p&#xE1;ginas </subfield>
  </datafield>
  <datafield tag="504" ind1=" " ind2=" ">
    <subfield code="a"> </subfield>
  </datafield>
  <datafield tag="504" ind1=" " ind2=" ">
    <subfield code="a"> </subfield>
  </datafield>
  <datafield tag="505" ind1="0" ind2=" ">
    <subfield code="a">Los grandes procesos  -- Or&#xED;genes y trayectorias de la sociedad civil en la Rep&#xFA;blica Dominicana, 1916-1935 27 -- Historia dominicana y sociedad civil, 1935-1978 51 -- La construcci&#xF3;n de la sociedad civil en la democracia dominicana, 1979-2008 107 -- Procesos sectoriales y desarrollos institucional  -- Estado, sociedad civil y democracia en la Rep&#xFA;blica Dominicana 147 -- Participaci&#xF3;n ciudadana y la construcci&#xF3;n de la democracia pol&#xED;tica en Rep&#xFA;blica Dominicana : un estudio de caso 195 -- Los movimientos sociales urbanos en la Rep&#xFA;blica Dominicana 241 -- Historia del comit&#xE9; para la defensa de los derechos barriales (COPADEBA) : un estudio de caso 307 -- El Movimiento Campesino Independiente (MCI) en Rep&#xFA;blica Dominicana : un estudio de caso 333 -- La sociedad civil y las pol&#xED;ticas sociales en la Rep&#xFA;blica Dominicana 365 -- Incidencia de la sociedad civil en las pol&#xED;ticas sociales en la Rep&#xFA;blica Dominicana. Instituto Nacional de Salud (INSA-LUD) : un estudio de caso 433 -- Aportes de la sociedad civil a la educaci&#xF3;n. Centre cultural Poveda, su historia institucional, contribuci&#xF3;n a la democracia: un estudio de caso 455 -- G&#xE9;nero y sociedad civil 479 -- Historia institucional de mujeres en desarrollo dominicana (MUDE) : un estudio de caso 541 -- Anexos 561</subfield>
  </datafield>
  <datafield tag="590" ind1=" " ind2=" ">
    <subfield code="6">Inventariado, 2022/VM</subfield>
  </datafield>
  <datafield tag="650" ind1=" " ind2="4">
    <subfield code="a">Sociedad civil </subfield>
    <subfield code="x">Historia </subfield>
    <subfield code="z">Rep&#xFA;blica Dominicana</subfield>
  </datafield>
  <datafield tag="650" ind1=" " ind2="4">
    <subfield code="a"> Participaci&#xF3;n pol&#xED;tica</subfield>
    <subfield code="x">Historia </subfield>
    <subfield code="z">Rep&#xFA;blica Dominicana</subfield>
  </datafield>
  <datafield tag="650" ind1=" " ind2="4">
    <subfield code="a">Movimiento sociales </subfield>
    <subfield code="z">Rep&#xFA;blica Dominicana</subfield>
  </datafield>
  <datafield tag="700" ind1="1" ind2=" ">
    <subfield code="a">&#xC1;lvarez Khouri, Rosa Rita.</subfield>
    <subfield code="e"> coordinadores </subfield>
  </datafield>
  <datafield tag="710" ind1="2" ind2=" ">
    <subfield code="a">Centro de Investigaciones y Estudios Sociales (Rep&#xFA;blica Dominicana)</subfield>
  </datafield>
  <datafield tag="830" ind1=" " ind2="0">
    <subfield code="a">Colecci&#xF3;n Sociedad Civil</subfield>
  </datafield>
  <datafield tag="830" ind1=" " ind2="0">
    <subfield code="a">Documentos de Trabajo</subfield>
    <subfield code="n">1</subfield>
  </datafield>
  <datafield tag="910" ind1=" " ind2=" ">
    <subfield code="a">VMateo V./Validado </subfield>
  </datafield>
  <datafield tag="942" ind1=" " ind2=" ">
    <subfield code="2">ddc</subfield>
    <subfield code="c">BK</subfield>
  </datafield>
  <datafield tag="952" ind1=" " ind2=" ">
    <subfield code="0">0</subfield>
    <subfield code="1">0</subfield>
    <subfield code="2">ddc</subfield>
    <subfield code="4">0</subfield>
    <subfield code="7">0</subfield>
    <subfield code="8">CD</subfield>
    <subfield code="a">BPMET</subfield>
    <subfield code="b">BPMET</subfield>
    <subfield code="d">2022-10-27</subfield>
    <subfield code="e">FLACSO</subfield>
    <subfield code="o">BPMSU CD 323.6097293 S678c 2010</subfield>
    <subfield code="p">BPMSU22100093</subfield>
    <subfield code="r">2022-10-27</subfield>
    <subfield code="w">2022-10-27</subfield>
    <subfield code="y">BK</subfield>
  </datafield>
  <datafield tag="952" ind1=" " ind2=" ">
    <subfield code="0">0</subfield>
    <subfield code="1">0</subfield>
    <subfield code="2">ddc</subfield>
    <subfield code="4">0</subfield>
    <subfield code="7">0</subfield>
    <subfield code="8">CD</subfield>
    <subfield code="a">BPMET</subfield>
    <subfield code="b">BPMET</subfield>
    <subfield code="d">2022-10-27</subfield>
    <subfield code="e">FLACSO</subfield>
    <subfield code="o">BPMSU CD 323.6097293 S678c 2010</subfield>
    <subfield code="p">BPMSU22100094</subfield>
    <subfield code="r">2022-10-27</subfield>
    <subfield code="t">e.2</subfield>
    <subfield code="w">2022-10-27</subfield>
    <subfield code="y">BK</subfield>
  </datafield>
  <datafield tag="952" ind1=" " ind2=" ">
    <subfield code="0">0</subfield>
    <subfield code="1">0</subfield>
    <subfield code="2">ddc</subfield>
    <subfield code="4">0</subfield>
    <subfield code="7">0</subfield>
    <subfield code="8">CD</subfield>
    <subfield code="a">BPMET</subfield>
    <subfield code="b">BPMET</subfield>
    <subfield code="d">2022-10-27</subfield>
    <subfield code="e">FLACSO</subfield>
    <subfield code="o">BPMSU CD 323.6097293 S678c 2010</subfield>
    <subfield code="p">BPMSU22100095</subfield>
    <subfield code="r">2022-10-27</subfield>
    <subfield code="t">e.3</subfield>
    <subfield code="w">2022-10-27</subfield>
    <subfield code="y">BK</subfield>
  </datafield>
  <datafield tag="999" ind1=" " ind2=" ">
    <subfield code="c">14319</subfield>
    <subfield code="d">14319</subfield>
  </datafield>
</record>
